000 00553nam a2200217Ia 4500
003 OSt
005 20220924153822.0
006 a|||||r|||| 00| 0
007 ta
008 220923b |||||||| |||| 00| 0 san d
024 _a355132
037 _cTextual
040 _aARTS
_cARTS
_bsan
041 _2san
_asan
082 _aP15:4k, A3(RR)
100 _aMatsan Singh Au.
_9229839
245 0 _aShabdharth chintamani kosh
260 _c1880
942 _hP15:4k, A3(RR)
_cTEXL
_2CC
999 _c474890
_d474890